Effects of covering soil surface with blackplastic film and rice straw on soil moisture retention and weed control
Salvato in:
| Autore principale: | |
|---|---|
| Natura: | Libro |
| Lingua: | Undetermined |
| Pubblicazione: |
Cần Thơ
Viện Đại Học Cần Thơ - Trường Cao Đẳng Nông Nghiệp
1972
|
| Soggetti: | |
| Tags: |
Aggiungi Tag
Nessun Tag, puoi essere il primo ad aggiungerne! !
|
| Thư viện lưu trữ: | Trung tâm Học liệu Trường Đại học Cần Thơ |
|---|
| LEADER | 00691nam a2200181Ia 4500 | ||
|---|---|---|---|
| 001 | CTU_33454 | ||
| 008 | 210402s9999 xx 000 0 und d | ||
| 082 | |a 631.432 | ||
| 082 | |b Đ561 | ||
| 100 | |a Lê Thành Đương | ||
| 245 | 0 | |a Effects of covering soil surface with blackplastic film and rice straw on soil moisture retention and weed control | |
| 245 | 0 | |c Lê Thành Đương | |
| 260 | |a Cần Thơ | ||
| 260 | |b Viện Đại Học Cần Thơ - Trường Cao Đẳng Nông Nghiệp | ||
| 260 | |c 1972 | ||
| 650 | |a plant-soil relationships,soil moisture,weeds - control | ||
| 904 | |i Minh, 991029 | ||
| 980 | |a Trung tâm Học liệu Trường Đại học Cần Thơ | ||